000
00308nam a22001337a 4500
008
171013b xxu||||| |||| 00| 0 eng d
020
_a
9780534605902
041
_a
eng
080
_a
316
100
_a
51
101
_a
SOC
245
_a
THE PRINCIPLES OF LEARNING AND BEHAVIOR
_c
DOMJAN, M
942
_2
udc
_c
BK
999
_c
33775
_d
33775